Daft Punk Quiz - Statistics

General Stats
  • This quiz has been taken 148 times
  • The average score is 11 of 12
Answer Stats
Hint Answer % Correct
Their final album Random Access Memories
98%
Their second album Discovery
97%
Vocalist on that song Pharrell Williams
96%
The country they are from France
95%
Year they announced their disbandment 2021
94%
Their first album Homework
93%
Their third album Human After All
92%
2010 film Daft Punk created the soundtrack for Tron: Legacy
89%
Album by the Weeknd Daft Punk are featured on Starboy
84%
Their real names Guy-Manuel de Homem-Christo
78%
Their real names Thomas Bangalter
78%
Legendary guest guitarist on 'Get Lucky' Nile Rodgers
77%
No matching quizzes found
Score Distribution
Percent of People with Each Score
Percentile by Number Answered
Your Score History
You have not taken this quiz